It looks like you're offline.
Open Library logo
additional options menu

MARC record from Internet Archive

LEADER: 00879cam 2200265I 4500
001 ocm01277834
003 OCoLC
005 20090617153641.0
008 750415s1963 nyu 000 0 eng d
040 $aOSU$cOSU$dOCL$dPEM$dSYB$dOCL$dOCLCQ$dOCLCG
019 $a2762299
035 $a(OCoLC)1277834$z(OCoLC)2762299
043 $ae-it---
050 4 $aDG674$b.M3 1963
082 04 $a945.31$bM123
100 1 $aMcCarthy, Mary,$d1912-1989.
245 10 $aVenice observed.
260 $aNew York,$bHarcourt, Brace, & World,$c[1963]
300 $a158 p.$c19 cm.
490 0 $aA Harvest Book
651 0 $aVenice (Italy)$vPictorial works.
952 $a1277834$zOSU$bOHIO STATE UNIV, THE$hFull OCLC member$iLCC$kDDC$u20090501
952 $a188847422$zFLL$bHARVARD UNIV, DESIGN SCH, LOEB LIBR$hFull batch$iLCC$u20080617
994 $aZ0$bPMR
948 $hNO HOLDINGS IN PMR - 274 OTHER HOLDINGS